00680 2200253 4500001002100000005001700021008004100038020001800079035002500097040001300122041000800135082001300143090002100156100001200177245005300189250001100242260003500253300004100288600001900329650003400348850001200382990001600394990001600410YOGYA-1112000000034120150423115028.0 ind  a979-25-2735-4 a0010-111200000000341 aYOPD DIY aIND a959.8203 aR 959.8203 Pur E aPURWADI aEnsiklopedi adat - istiadat budaya JawacPurwadi aCet.4. aYogyakartabPura pustakac2012 aviiii ,641 hlmbilusc24 cm (10 eks) aAhmad cahyanto aKebudayaan Jawa - Ensiklopedi aYOPDYOG a022-PK/B.12 a027-PK/B.12